Les noms des établissements scolaires en France - 7 - Statistiques

Statistiques générales
  • Ce quiz a été pris 16 fois
  • Le résultat moyen est 18 sur 34
Statistiques - réponses
Nombre Dates Indices Nom % Correct
76 1929-1945 Allemande - Journal - Déporté Anne {Frank}
83%
49 1929-1978 Belge - Chanteur - Amsterdam Jacques {Brel}
83%
313 1921-1695 Ecrivain - Fabuliste - Académicien Jean de {La Fontaine}
83%
85 1927-2017 Magistrate - Femme politique - Déportée Simone {Veil}
83%
97 1921-1981 Chanteur - Compositeur - Chanson pour l'Auvergnat Georges {Brassens}
75%
7 1929-1968 Américain - Pasteur - Assassiné Martin {Luther-King}
75%
6 1930-2002 Artiste plasticienne - Nanas Niki de {Saint-Phalle}
75%
9 1944- Américaine - Professeur - Militante Angela {Davis}
67%
7 1944- Femme de lettres - XY de l'identité masculine Elisabeth {Badinter}
67%
6 1929- Chanteur - Santiano Hugues {Aufray}
67%
22 1924-1585 Poète - Pléiade - Les Hymnes Pierre de {Ronsard}
67%
8 1928-2024 Avocat - Peine de mort - Ministre Robert {Badinter}
67%
9 1929-2004 Chanteur - Compositeur - Toulouse Claude {Nougaro}
58%
12 1926-1977 Scénariste de BD - Astérix René {Goscinny}
58%
5 1934-1968 Soviétique - Cosmonaute - Vostok Youri {Gagarine}
58%
6 1920-2011 Femme de lettres - Le 6e jour Andrée {Chédid}
50%
5 1924-2011 Résistante - Epouse de présidet Danielle {Mitterrand}
50%
9 1924-1941 Résistant - Lettre - Fusillé Guy {Môquet}
50%
5 1925-2017 Ecrivain - Au plaisir de Dieu Jean d'{Ormesson}
50%
36 1926-1696 Epistolière - Marquise - Grignan Marie de {Sévigné}
50%
7 1944-1986 Humoriste - Restos du Coeur Michel {Colucci} dit Coluche
50%
5 1957- Spationaute - Femme politique Claudie {Haigneré}
42%
21 1931-1998 Navigateur - Pen Duick - Mort en mer Eric {Tabarly}
42%
31 1922-1959 Acteur - TNP - Le diable au corps Gérard {Philipe}
42%
14 1940- Suisse - Chanteur - Compositeur Henri Destraz dit {Dès}
42%
13 1930-2010 Chanteur - Compositeur - Nuit et Brouillard Jean {Ferrat}
42%
5 1920-2005 Karol Wojtyla - Blanc {Jean-Paul} II
42%
15 1934- Chanteur - Compositeur - Les jolies colonies de vacances Pierre {Perret}
42%
12 1949- Chanteur - Compositeur - Prendre un enfant par la main Yves {Duteil}
42%
9 1934-2020 Chanteuse - Les Fabulettes - Prix Cros Anne {Sylvestre}
33%
7 1924-2010 Nobel de Physique - Né en Pologne Georges {Charpak}
17%
6 1932-2023 Astrophysicien - Ecologiste Hubert {Reeves}
17%
13 1925-2013 Généticien - Philosophe Albert {Jacquard}
8%
5 1923-2010 Goncourt - Malataverne Bernard {Clavel}
8%
Aucun quiz correspondant
Distribution des résultats
% des personnes avec chaque résultat
Percentile par nombre de réponses
Votre historique - résultats
Vous n’avez pas pris ce quiz